000 00289nam a22001337a 4500
008 210514b ||||| |||| 00| 0 eng d
041 _aeng
080 _a7
082 _a7
100 _a44
101 _aART
245 _aContemporary Sculpture Techniques
_cBaldwin,J
942 _2udc
_cBK
999 _c57308
_d57308